000 00304nam a22001217a 4500
999 _c165638
_d165638
082 _a
_b
100 _aVijaya Padode
245 _aJainendra ke upanyas sahithya mein stree-purush sambandh/
_cby Vijaya Padode.
260 _aNew Delhi:
_bMathura,
_c2006.
300 _a304p.
650 _a
942 _cBK